IFM Opac

The Internet, the rough guided.5th ed (Record no. 15151)

MARC details
000 -LEADER
fixed length control field 00330nam a22001337a 4500
020 ## - INTERNATIONAL STANDARD BOOK NUMBER
International Standard Book Number 9781858284422
082 ## - DEWEY DECIMAL CLASSIFICATION NUMBER
Classification number 004.678 KEN
100 ## - MAIN ENTRY--PERSONAL NAME
Personal name KENNEDY ,ANGUS J.
245 ## - TITLE STATEMENT
Title The Internet, the rough guided.5th ed
260 ## - PUBLICATION, DISTRIBUTION, ETC.
Place of publication, distribution, etc. New York
Name of publisher, distributor, etc. Pearson
Date of publication, distribution, etc. 1999
300 ## - PHYSICAL DESCRIPTION
Extent x,;501p
Other physical details ill,;10cm
500 ## - GENERAL NOTE
General note includes index
942 ## - ADDED ENTRY ELEMENTS (KOHA)
Koha item type Books
Holdings
Withdrawn status Lost status Source of classification or shelving scheme Damaged status Not for loan Home library Current library Shelving location Date acquired Full call number Barcode Date last seen Price effective from Koha item type
    Dewey Decimal Classification     IFM Main Campus Library IFM Main Campus Library   01/30/2016 004.678 KEN 0000017292 01/30/2016 02/19/2022 Books